000 00453 a2200181 4500
001 130353
022 _a1679-656X
040 _cLeonardo Da Vinci
041 _aInglês
_aInglês
082 _aSAM 2010
_b2010
245 _aScientific American 262
260 _bSciam
_cJan. 1990
_aNew York
300 _a144
362 _a20100702
490 _aScientific American
_v262
697 _aMicroplasmas
_aRNA e DNA
_aCiclos Glaciais
_aGhemat
942 _cCR
999 _c130353
_d130353